Visualizzazione normale
Vista MARC
- Simple Minds
di Personal Name
Records bibliografici associati: 1
001 - CONTROL NUMBER
- control field: 10256
003 - CONTROL NUMBER IDENTIFIER
- control field: IT-RoPau
005 - DATE AND TIME OF LATEST TRANSACTION
- control field: 20140122152538.0
008 - FIXED-LENGTH DATA ELEMENTS
- fixed length control field: 140122|| aca||aabn | a|a d
040 ## - CATALOGING SOURCE
- Original cataloging agency: IT-RoPau
- Transcribing agency: IT-RoPau
100 ## - HEADING--PERSONAL NAME
- Personal name: Simple Minds
- Miscellaneous information: Codice interprete SPICS: 8200
- Relator term: Interprete
670 ## - SOURCE DATA FOUND
- Source citation: Work cat.: (IT-RoPau)100977: Simple Minds 10253, Sparkle In The Rain